000 00761nam a2200253 i 4500
001 92677
003 ES-MaACL
005 20240503113020.0
007 t|
008 050415s1992 fr ||||1| fre d
020 _a2-266-05012-5
080 _a291(038)
100 1 _aEliade, Mircea.
_946955
245 1 0 _aDictionnaire des religions /
_cMircea Eliade, Ioan P. Couliano ; avec la collaboration de H.S. Wiesner.
260 _a[S.l.] :
_bPlon,
_c[1992]
300 _a364 p. ;
_c18 cm.
490 1 _aAgora
650 1 4 _aReligiones-
_xDiccionarios.
_916819
700 1 _aCouliano, Ioan P.
_941238
700 1 _aWiesner, H. S.
_9116784
830 0 _aColección Ágora
_9180771
852 _aES-MaACL
_jE-10974
_bR.134761
999 _c92677
_d92677